[Event "Mogliano Veneto op 32nd"]
[Site "Mogliano Veneto"]
[Date "2011.04.30"]
[Round "2"]
[White "Pozzi, Massimo"]
[Black "Boraso, Alessio"]
[Result "0-1"]
[WhiteElo "2035"]
[BlackElo "1880"]
[PlyCount "92"]
[EventDate "2011.04.29"]
[EventType "swiss"]
[EventRounds "5"]
[EventCountry "ITA"]
[SourceTitle "EXT 2023"]
[Source "ChessBase"]
[SourceDate "2022.10.05"]
[SourceVersion "1"]
[SourceVersionDate "2022.10.05"]
[SourceQuality "1"]

1. d4 Nf6 2. Bf4 d6 3. e3 g6 4. Nf3 Bg7 5. Be2 0-0 6. 0-0 Nbd7 7. h3 Qe8 8. c4 e5 9. Bh2 Qe7 10. Nc3 c6 11. Qc2 Ne8 12. b4 f5 13. c5 dxc5 14. dxc5 e4 15. Nd2 Ne5 16. Nc4 Nxc4 17. Bxc4+ Be6 18. Be2 Qf6 19. Rfc1 Rd8 20. a4 Rf7 21. Ra3 Rfd7 22. Rd1 Qf7 23. Kf1 g5 24. Ke1 Bc4 25. Rxd7 Rxd7 26. Nb1 Bd5 27. Nd2 Kh8 28. Nc4 f4 29. Nd2 Re7 30. Bc4 Nc7 31. Be2 Qf6 32. Nc4 Na6 33. Qd2 Qe6 34. Nd6 Qf6 35. Nc4 f3 36. gxf3 exf3 37. Bd3 Qe6 38. Nd6 Qxh3 39. Bg3 Qh1+ 40. Bf1 Re6 41. Nf5 Re4 42. Rb3 Bxb3 43. Qd8+ Bg8 44. Nxg7 Rxb4 45. Qd3 Nxc5 46. Qc2 Bc4 0-1

[Event "Mogliano Veneto op 32nd"]
[Site "Mogliano Veneto"]
[Date "2011.04.29"]
[Round "1"]
[White "Aleksic, Nenad"]
[Black "Pozzi, Massimo"]
[Result "1-0"]
[WhiteElo "2355"]
[BlackElo "2035"]
[PlyCount "70"]
[EventDate "2011.04.29"]
[EventType "swiss"]
[EventRounds "5"]
[EventCountry "ITA"]
[SourceTitle "EXT 2023"]
[Source "ChessBase"]
[SourceDate "2022.10.05"]
[SourceVersion "1"]
[SourceVersionDate "2022.10.05"]
[SourceQuality "1"]

1. e4 e6 2. d4 d5 3. Nc3 Nf6 4. e5 Nfd7 5. Nf3 c5 6. dxc5 Bxc5 7. Bd3 Nc6 8. Bf4 a6 9. 0-0 b5 10. a3 Bb7 11. Re1 Ne7 12. Bg3 Ng6 13. h4 Be7 14. h5 Nh4 15. Nd4 g6 16. a4 b4 17. Nce2 Nc5 18. c3 Nxd3 19. Qxd3 Nf5 20. Bf4 Rc8 21. cxb4 Bxb4 22. Rec1 Be7 23. Qd2 Ng7 24. Rxc8 Qxc8 25. h6 Nf5 26. Bg5 Qd7 27. Bxe7 Qxe7 28. Rc1 0-0 29. Nxf5 exf5 30. Qd4 Rc8 31. Rxc8+ Bxc8 32. b4 f6 33. Qxd5+ Qe6 34. Nf4 Qxd5 35. Nxd5 Bd7 1-0